|
|
|
|
| LEADER |
00685nam a22002292a 4500 |
| 001 |
001648396 |
| 003 |
CZ BrMZK |
| 005 |
20180927121255.0 |
| 007 |
ta |
| 008 |
180925s1961 xr er|||||||||||fre d |
| 040 |
|
|
|a BOA001
|b cze
|e aacr2
|
| 041 |
1 |
|
|a fre
|h cze
|
| 100 |
1 |
|
|a Solar, Gustav
|4 aut
|
| 245 |
1 |
0 |
|a Pourquoi et comment planifier? /
|c Gustav Solar, Karel Strádal
|
| 260 |
|
|
|a Prague :
|b Orbis,
|c 1961
|
| 300 |
|
|
|a 1 sv. (nestr.)
|
| 500 |
|
|
|a Přeloženo z češtiny?
|
| 700 |
1 |
|
|a Strádal, Karel
|7 jk01121287
|4 aut
|
| 910 |
|
|
|a BOA001
|b X-0466.998
|
| 990 |
|
|
|a BK
|
| 991 |
|
|
|b 201809
|
| 996 |
6 |
|
|b 2618956297
|c X-0466.998
|l MZK
|r Sklad / do 24 hodin
|n 0
|w 001687316
|u 000010
|a 1
|e BOA001
|j MZK50
|s P
|